Charade Spéciale Dentaire n°3 - Statistiques

Statistiques générales
  • Ce quiz a été pris 31 fois
  • Le résultat moyen est 5 sur 6
Statistiques - réponses
Hint Réponse % Correct
Mon 1er vient après 0. 1
100%
Mon 4e nous constitue à 60%. Eau
97%
Plus mon 3e est bas, plus le crédit est intéressant. Taux
97%
Mon 5ème est la 10ème lettre de l'alphabet J
93%
Mon 2e est souvent dessiné avant la construction d'une maison. Plan
93%
Mon tout est une spécialité très pratiquée par les dentistes. Implantologie
34%
Aucun quiz correspondant
Distribution des résultats
% des personnes avec chaque résultat
Percentile par nombre de réponses
Votre historique - résultats
Vous n’avez pas pris ce quiz